| 000 | 00688nam a2200241Ia 4500 | ||
|---|---|---|---|
| 003 | OSt | ||
| 005 | 20221007081022.0 | ||
| 006 | a|||||r|||| 00| 0 | ||
| 007 | ta | ||
| 008 | 221006b |||||||| |||| 00| 0 eng d | ||
| 024 | _a29,917 | ||
| 037 | _cTextual | ||
| 040 |
_aFLL _cFLL _beng |
||
| 041 |
_2eng _aeng |
||
| 082 | _aX:517:Z73, K3.3 | ||
| 100 |
_aHoffmann Malcolm A. _9696148 |
||
| 245 | 0 | _aAntitrust law and techniques | |
| 260 |
_aNew York _bMatthew Bender & Company New _c1963 |
||
| 300 |
_aiv,643p _ccm. |
||
| 700 |
_a Winard Arthur I. _9696149 |
||
| 942 |
_hX:517:Z73, K3.3 _cTEXL _2CC |
||
| 999 |
_c1161686 _d1161686 |
||